000 00396nam a2200169Ia 4500
008 230524s9999 xx 000 0 und d
020 _a9780070599536
082 _a658.45
_bSAX
100 _aRajan Saxena
245 0 _aMarketing Management
250 _a2ND
260 _aNEW DELHI
_bTMH
_c2003
300 _aXV;661
500 _aQuantity Number: 182
650 _aManagement
942 _cBK
999 _c29672
_d29672